[Event "Baltic Sea Cup 2008"]
[Site "Ronne"]
[Date "2008.07.29"]
[Round "1"]
[White "Adolfssen, Rico"]
[Black "Kogan, Artur"]
[Result "0-1"]
[WhiteElo "1933"]
[BlackElo "2569"]
[PlyCount "34"]
[EventDate "2008.07.29"]


1. e4 c5 2. Nf3 e6 3. d4 cxd4 4. Nxd4 a6 5. Nc3 Qc7 6. Bd3 b5 7. O-O Bb7 8. Re1
Bd6 9. Nf3 b4 10. Ne2 Nc6 11. Be3 Nf6 12. Qd2 Ne5 13. Ng3 Nxf3+ 14. gxf3 h5 15.
f4 h4 16. e5 hxg3 17. fxg3 Qc6 0-1

[Event "Baltic Sea Cup 2008"]
[Site "Ronne"]
[Date "2008.07.29"]
[Round "1"]
[White "Andersen, Dag"]
[Black "Kuzubov, Yuriy"]
[Result "0-1"]
[WhiteElo "1944"]
[BlackElo "2578"]
[PlyCount "84"]
[EventDate "2008.07.29"]


1. d4 Nf6 2. Nf3 c5 3. d5 e6 4. c4 b5 5. cxb5 exd5 6. e3 g6 7. Nc3 Bb7 8. Be2
Bg7 9. O-O O-O 10. Qc2 a6 11. a3 Ne4 12. Rd1 Nxc3 13. bxc3 Qa5 14. bxa6 Bc6 15.
a4 Qxc3 16. Qxc3 Bxc3 17. Ra2 Nxa6 18. h3 c4 19. Ba3 Rfb8 20. Bd6 Rb2 21. Rxb2
Bxb2 22. Rb1 c3 23. Bd1 Nb8 24. a5 Bb5 25. Bc2 Nc6 26. Ba3 Bxa3 27. Rxb5 Nxa5
28. Rxd5 d6 29. Rd3 Bb4 30. Nd4 Rc8 31. Nb5 Nc6 32. Kf1 Rb8 33. Nc7 Ba5 34.
Rxd6 Ne5 35. Na6 Rb2 36. Rd5 Nc4 37. Rc5 Nd2+ 38. Ke1 Rxc2 39. Rxa5 Ne4 40. f3
Rxg2 41. fxe4 Rg1+ 42. Ke2 c2 0-1

[Event "Baltic Sea Cup 2008"]
[Site "Ronne"]
[Date "2008.07.29"]
[Round "1"]
[White "Andersen, Jonas Odgaard"]
[Black "Christensen, Klaus"]
[Result "0-1"]
[WhiteElo "1000"]
[BlackElo "2034"]
[PlyCount "72"]
[EventDate "2008.07.29"]


1. e4 c5 2. Nf3 Nc6 3. d4 cxd4 4. Nxd4 Qb6 5. Be3 Qxb2 6. Nd2 Nxd4 7. Rb1 Nxc2+
8. Ke2 Nxe3 9. Rxb2 Nxd1 10. Kxd1 g6 11. Nf3 Bg7 12. Rc2 Nf6 13. Bd3 O-O 14. e5
Nd5 15. Bc4 Nb6 16. Bb3 d6 17. exd6 exd6 18. Rd2 Rd8 19. Re1 d5 20. Rde2 Bg4
21. a4 Bxf3 22. gxf3 Rac8 23. a5 Nc4 24. Ba4 Nb2+ 25. Kd2 Nxa4 26. Re7 Bc3+ 27.
Kd1 Bxe1 28. Kxe1 Re8 29. Rxe8+ Rxe8+ 30. Kf1 d4 31. Kg2 d3 32. Kg3 d2 33. Kg2
d1=Q 34. f4 Qg4+ 35. Kf1 Rd8 36. Ke1 Rd1# 0-1

[Event "Baltic Sea Cup 2008"]
[Site "Ronne"]
[Date "2008.07.29"]
[Round "1"]
[White "Andersen, Rune"]
[Black "Hein, Jacob"]
[Result "1-0"]
[WhiteElo "2143"]
[BlackElo "1603"]
[PlyCount "71"]
[EventDate "2008.07.29"]


1. d4 d5 2. c4 c6 3. Nc3 Nf6 4. Nf3 g6 5. cxd5 Nxd5 6. e4 Nxc3 7. bxc3 Bg7 8.
Be3 Nd7 9. Qd2 Qa5 10. Bd3 c5 11. O-O cxd4 12. cxd4 Qxd2 13. Nxd2 O-O 14. Rac1
e5 15. d5 Nf6 16. f3 b6 17. Rfd1 Bd7 18. Rc7 Rfc8 19. Rdc1 Ne8 20. R7c3 Bf8 21.
Ba6 Rxc3 22. Rxc3 Bd6 23. Nc4 Bb4 24. Rc1 Nc7 25. Nxe5 Nxa6 26. Nxd7 Rd8 27.
Bh6 Nc5 28. Nf6+ Kh8 29. Rc4 Ba3 30. e5 b5 31. Rh4 Nd7 32. Bg5 Bc5+ 33. Kf1 h5
34. Nxh5 Rc8 35. Nf6+ Kg7 36. Rh7+ 1-0

[Event "Baltic Sea Cup 2008"]
[Site "Ronne"]
[Date "2008.07.29"]
[Round "1"]
[White "Berg, Peter"]
[Black "Vitiugov, Nikita"]
[Result "1/2-1/2"]
[WhiteElo "1998"]
[BlackElo "2616"]
[PlyCount "69"]
[EventDate "2008.07.29"]


1. d4 Nf6 2. Nf3 c5 3. d5 b5 4. e3 Bb7 5. c4 g6 6. Nc3 b4 7. Ne2 Bg7 8. Ng3 h5
9. h4 O-O 10. Be2 e6 11. e4 Re8 12. O-O exd5 13. exd5 d6 14. Bg5 Nbd7 15. Qc2
Nf8 16. Rfe1 N8h7 17. Bf4 Ng4 18. Bd3 Nhf6 19. Rxe8+ Nxe8 20. Re1 Nef6 21. Ng5
Qc7 22. Bxg6 fxg6 23. Qxg6 Re8 24. Re6 Rxe6 25. dxe6 Qc6 26. f3 Qa4 27. fxg4
Qd1+ 28. Nf1 Qxg4 29. Qf7+ Kh8 30. Qxb7 Qxf4 31. Qc8+ Ng8 32. Nf7+ Kh7 33. Ng5+
Kh8 34. Nf7+ Kh7 35. Ng5+ 1/2-1/2

[Event "Baltic Sea Cup 2008"]
[Site "Ronne"]
[Date "2008.07.29"]
[Round "1"]
[White "Brinck Claussen, Bjorn"]
[Black "Caceres, Cipriano Sande"]
[Result "1-0"]
[WhiteElo "2296"]
[BlackElo "1792"]
[PlyCount "43"]
[EventDate "2008.07.29"]


1. e4 c5 2. Nf3 e6 3. d4 cxd4 4. Nxd4 a6 5. Bd3 Nc6 6. Nxc6 dxc6 7. Nd2 Nf6 8.
O-O Be7 9. e5 Nd5 10. Qg4 O-O 11. Ne4 f5 12. exf6 Bxf6 13. Ng5 Bxg5 14. Bxg5
Qe8 15. Qh4 g6 16. c4 Nc7 17. Rae1 b5 18. Be7 Rf7 19. Bf6 Rd7 20. Re3 bxc4 21.
Bxg6 Nd5 22. Bxe8 1-0

[Event "Baltic Sea Cup 2008"]
[Site "Ronne"]
[Date "2008.07.29"]
[Round "1"]
[White "Evdokimov, Alexander A"]
[Black "Schmidt, Horst Hubert"]
[Result "1-0"]
[WhiteElo "2555"]
[BlackElo "1925"]
[PlyCount "53"]
[EventDate "2008.07.29"]


1. e4 d6 2. d4 Nf6 3. Nc3 g6 4. Be3 Bg7 5. f3 Nc6 6. d5 Nb8 7. Qd2 c6 8. O-O-O
cxd5 9. exd5 Na6 10. g4 Qa5 11. Kb1 Bd7 12. h4 Rc8 13. Bxa6 bxa6 14. Bd4 h6 15.
Nge2 O-O 16. Qe3 e5 17. dxe6 Bxe6 18. b3 Rfe8 19. Qd2 g5 20. hxg5 hxg5 21. Rh2
Kf8 22. Ng3 Red8 23. Qe3 Re8 24. Nce4 Bd5 25. Qxg5 Re5 26. Bxe5 Bxe4 27. Bxd6+
1-0

[Event "Baltic Sea Cup 2008"]
[Site "Ronne"]
[Date "2008.07.29"]
[Round "1"]
[White "Frisk, Hans"]
[Black "Khenkin, Igor"]
[Result "0-1"]
[WhiteElo "2011"]
[BlackElo "2655"]
[PlyCount "48"]
[EventDate "2008.07.29"]


1. d4 d5 2. Nc3 Nf6 3. Bg5 c6 4. f3 h6 5. Bxf6 exf6 6. e4 Bb4 7. Qd3 O-O 8.
O-O-O Re8 9. Nge2 dxe4 10. fxe4 Bg4 11. Rd2 Nd7 12. h3 Bxe2 13. Rxe2 Qc7 14.
Kb1 Rad8 15. Qc4 Ba5 16. g4 b5 17. Qb3 Nb6 18. d5 Qe5 19. Nxb5 cxb5 20. Qxb5
Rb8 21. c4 Qd4 22. Rc2 Na4 23. Qxa5 Qd1+ 24. Rc1 Rxb2+ 0-1

[Event "Baltic Sea Cup 2008"]
[Site "Ronne"]
[Date "2008.07.29"]
[Round "1"]
[White "Golod, Vitali"]
[Black "Larsen, Bjorn H"]
[Result "1-0"]
[WhiteElo "2578"]
[BlackElo "1940"]
[PlyCount "53"]
[EventDate "2008.07.29"]


1. d4 g6 2. c4 f5 3. Nc3 Nf6 4. g3 Bg7 5. Bg2 O-O 6. Nf3 d6 7. O-O Nc6 8. d5
Ne5 9. Nxe5 dxe5 10. Qb3 h6 11. Rd1 a6 12. c5 Kh7 13. Bd2 Qe8 14. Be1 g5 15. d6
exd6 16. cxd6 cxd6 17. Rxd6 Qh5 18. Rad1 f4 19. Ne4 Qxe2 20. Bf3 Qb5 21. Qc2
Nxe4 22. Bxe4+ Kh8 23. Qc7 Bf5 24. Bxf5 Rxf5 25. Rg6 Rg8 26. Rxg7 Rxg7 27. Qc8+
1-0

[Event "Baltic Sea Cup 2008"]
[Site "Ronne"]
[Date "2008.07.29"]
[Round "1"]
[White "Gyimesi, Zoltan"]
[Black "Andersen, Daniel"]
[Result "1-0"]
[WhiteElo "2586"]
[BlackElo "1969"]
[PlyCount "47"]
[EventDate "2008.07.29"]


1. d4 Nf6 2. c4 g6 3. Nc3 d5 4. cxd5 Nxd5 5. e4 Nxc3 6. bxc3 Bg7 7. Bg5 h6 8.
Be3 O-O 9. Qd2 Kh7 10. Bd3 c5 11. d5 Qa5 12. Rc1 f5 13. Ne2 fxe4 14. Bxe4 Bf5
15. Bxf5 Rxf5 16. Ng3 Rf8 17. h4 Nd7 18. h5 g5 19. Qc2+ Kg8 20. Nf5 Rxf5 21.
Qxf5 Bxc3+ 22. Kf1 Nf8 23. Rh3 b6 24. Bxg5 1-0

[Event "Baltic Sea Cup 2008"]
[Site "Ronne"]
[Date "2008.07.29"]
[Round "1"]
[White "Hansen, Lars Bo"]
[Black "Kristiansen, Orla"]
[Result "1-0"]
[WhiteElo "2569"]
[BlackElo "1940"]
[PlyCount "79"]
[EventDate "2008.07.29"]


1. d4 d5 2. Nf3 Nf6 3. c4 c6 4. Nc3 e6 5. e3 Nbd7 6. Qc2 b6 7. cxd5 cxd5 8. Nb5
Bb4+ 9. Bd2 Bxd2+ 10. Nxd2 O-O 11. Be2 Ba6 12. O-O Qe7 13. f4 Rac8 14. Qb3 Nb8
15. Rfc1 Nc6 16. a3 Qd7 17. Qa4 Nb8 18. h3 Rfd8 19. Qb3 Nc6 20. a4 Qe7 21. Rc3
Na5 22. Qa3 Qd7 23. Rac1 Rxc3 24. Rxc3 Rc8 25. Bf1 Rxc3 26. Qxc3 Ne8 27. Nf3 f6
28. Nd2 Kf7 29. b3 Kg8 30. b4 Nb7 31. Qb3 Nbd6 32. Nxd6 Bxf1 33. Nxe8 Ba6 34.
b5 Bb7 35. Nxf6+ gxf6 36. Qc2 Kg7 37. Nf3 Qd6 38. Kf2 Qd7 39. g4 Qd6 40. g5 1-0

[Event "Baltic Sea Cup 2008"]
[Site "Ronne"]
[Date "2008.07.29"]
[Round "1"]
[White "Hansen, Martin"]
[Black "Koop, Th Boerge"]
[Result "0-1"]
[WhiteElo "2128"]
[BlackElo "1568"]
[PlyCount "58"]
[EventDate "2008.07.29"]


1. e4 e5 2. Nf3 Nc6 3. Bb5 a6 4. Ba4 d6 5. d4 b5 6. Bb3 exd4 7. Nxd4 Nxd4 8.
Qxd4 c5 9. Qc3 c4 10. Bxc4 bxc4 11. Qxc4 Be6 12. Qd3 Qc7 13. Nd2 Be7 14. O-O
Bf6 15. f4 Ne7 16. c3 g6 17. e5 dxe5 18. Ne4 Bg7 19. Nd6+ Kf8 20. fxe5 Bxe5 21.
Bh6+ Kg8 22. Qf3 Bd5 23. Ne4 f5 24. Rae1 Bg7 25. Nf6+ Bxf6 26. Rxe7 Qc5+ 27.
Be3 Bxf3 28. Bxc5 Bxe7 29. Bxe7 Kf7 0-1

[Event "Baltic Sea Cup 2008"]
[Site "Ronne"]
[Date "2008.07.29"]
[Round "1"]
[White "Hansen, Soren Otto"]
[Black "Nielsen, Nicholas Roland"]
[Result "0-1"]
[WhiteElo "1682"]
[BlackElo "2198"]
[PlyCount "74"]
[EventDate "2008.07.29"]


1. e4 c5 2. Nf3 Nc6 3. d4 cxd4 4. Nxd4 Nf6 5. Nc3 e5 6. Ndb5 d6 7. Be3 a6 8.
Na3 b5 9. Nd5 Nxd5 10. exd5 Ne7 11. c4 b4 12. Qa4+ Bd7 13. Qxb4 Nf5 14. Nc2 Be7
15. Bd3 Nxe3 16. Nxe3 O-O 17. Qc3 f5 18. Qc2 e4 19. Be2 Bg5 20. Qb3 f4 21. Nc2
f3 22. gxf3 exf3 23. Bd3 Rb8 24. Qa3 Qf6 25. Qc3 Qf4 26. Rb1 Rxb2 27. Ne3 Rxf2
28. Bxh7+ Kxh7 29. Kxf2 Re8 30. Qd3+ Kh8 31. h4 Bxh4+ 32. Rxh4+ Qxh4+ 33. Kxf3
Bg4+ 34. Kg2 Qh3+ 35. Kf2 Qf3+ 36. Kg1 Qg3+ 37. Kf1 Rf8+ 0-1

[Event "Baltic Sea Cup 2008"]
[Site "Ronne"]
[Date "2008.07.29"]
[Round "1"]
[White "Jahncke, Giso"]
[Black "Hansen, Thomas"]
[Result "1-0"]
[WhiteElo "2052"]
[BlackElo "1364"]
[PlyCount "75"]
[EventDate "2008.07.29"]


1. e4 e6 2. d4 d5 3. Nc3 Nf6 4. e5 Nfd7 5. f4 a6 6. Nf3 c5 7. Ne2 Qb6 8. c3 Nc6
9. a3 cxd4 10. cxd4 Be7 11. b4 O-O 12. h4 f5 13. h5 Qd8 14. Be3 Nb6 15. Bf2 Bd7
16. Bh4 Nc4 17. Qb3 b5 18. Bxe7 Nxe7 19. Nc1 Rc8 20. Nd3 h6 21. Nc5 Ra8 22. Be2
Nc6 23. Kf2 Qe7 24. Qc3 Be8 25. a4 Bf7 26. a5 Kh8 27. Rag1 Rfb8 28. g4 fxg4 29.
Rxg4 Rg8 30. Bd3 Qe8 31. Bb1 Ne7 32. Rgh4 Nf5 33. Bxf5 exf5 34. Ng5 hxg5 35.
fxg5 Be6 36. g6 Rf8 37. h6 Qxg6 38. hxg7+ 1-0

[Event "Baltic Sea Cup 2008"]
[Site "Ronne"]
[Date "2008.07.29"]
[Round "1"]
[White "Jannik, Morten Emil"]
[Black "Christensen, John"]
[Result "0-1"]
[WhiteElo "1534"]
[BlackElo "2116"]
[PlyCount "102"]
[EventDate "2008.07.29"]


1. e4 b6 2. d4 e6 3. c4 Bb7 4. Nc3 Bb4 5. Bd3 Qe7 6. Nf3 c5 7. a3 Bxc3+ 8. bxc3
d6 9. O-O Nf6 10. Re1 e5 11. d5 h6 12. Bb2 g5 13. a4 Bc8 14. a5 bxa5 15. Rxa5
Nbd7 16. Ra1 Nh5 17. Bc2 Nf4 18. Ba4 O-O 19. Bc1 Nb6 20. Bxf4 gxf4 21. Bc6 Rb8
22. Bb5 Bg4 23. h3 Bh5 24. Qd3 Kh8 25. Kh2 Rg8 26. Rg1 Rb7 27. g3 fxg3+ 28.
fxg3 f5 29. Nh4 fxe4 30. Qxe4 Qg5 31. Rg2 Rf8 32. Rag1 Rbf7 33. Qe1 Bf3 34. Rf2
e4 35. Nxf3 exf3 36. Qe6 Qf6 37. Re1 Kg7 38. Qg4+ Qg5 39. Qxg5+ hxg5 40. g4 Rf4
41. Kg3 R8f7 42. Ref1 Nxc4 43. Rxf3 Rxf3+ 44. Rxf3 Rxf3+ 45. Kxf3 Ne5+ 46. Ke4
Kf6 47. Ba6 Ng6 48. Kf3 Ke5 49. Bc4 a5 50. Bb3 Nf4 51. Kg3 Ne2+ 0-1

[Event "Baltic Sea Cup 2008"]
[Site "Ronne"]
[Date "2008.07.29"]
[Round "1"]
[White "Jensen, Byrial"]
[Black "Welz, Peter"]
[Result "0-1"]
[WhiteElo "1656"]
[BlackElo "2169"]
[PlyCount "96"]
[EventDate "2008.07.29"]


1. e4 e6 2. d4 d5 3. exd5 Qxd5 4. Nf3 Nf6 5. Bd3 b6 6. Nc3 Bb4 7. O-O Bxc3 8.
bxc3 Bb7 9. Re1 Nbd7 10. c4 Qh5 11. Bb2 Bxf3 12. Qxf3 Qxf3 13. gxf3 O-O-O 14.
a4 a5 15. f4 Nb8 16. f5 Nc6 17. fxe6 fxe6 18. Rxe6 Nxd4 19. Re7 Nh5 20. Rd1 Kb8
21. Kf1 Nf5 22. Rf7 Nd6 23. Re7 Nxc4 24. Bxg7 Nxg7 25. Rxg7 Nb2 26. Rc1 Nxa4
27. Rxh7 Rxh7 28. Bxh7 Rh8 29. Be4 Rxh2 30. Bc6 Rh6 31. Bg2 b5 32. Ke2 Ka7 33.
f4 b4 34. Ra1 Nc3+ 35. Ke3 Kb6 36. f5 a4 37. Kd4 c5+ 38. Ke5 Rh2 39. Bd5 Rxc2
40. Rf1 Re2+ 41. Kd6 Rd2 42. f6 Rxd5+ 43. Ke7 Rh5 44. f7 Rh8 45. f8=Q Rxf8 46.
Rxf8 a3 47. Rf1 a2 48. Ra1 b3 0-1

[Event "Baltic Sea Cup 2008"]
[Site "Ronne"]
[Date "2008.07.29"]
[Round "1"]
[White "Jensen, Jan Kargaard"]
[Black "Teschke, Olaf"]
[Result "0-1"]
[WhiteElo "1813"]
[BlackElo "2298"]
[PlyCount "108"]
[EventDate "2008.07.29"]


1. d4 d5 2. Bf4 Nf6 3. Nf3 Bf5 4. Nbd2 e6 5. e3 Bd6 6. Ne5 O-O 7. Be2 c5 8. c3
cxd4 9. exd4 Ne4 10. Nxe4 Bxe4 11. Bf3 Qf6 12. Bg3 Bxe5 13. dxe5 Qg6 14. O-O
Bxf3 15. Qxf3 Nc6 16. Qe3 Rfc8 17. Rfd1 Rc7 18. f4 Rac8 19. Qd3 Qxd3 20. Rxd3
Na5 21. Bf2 b6 22. Bd4 Rc4 23. Rad1 Ra4 24. b4 Nc4 25. Ra1 b5 26. Rdd1 Rc6 27.
Rf1 Nd2 28. Rfd1 Ne4 29. Rdc1 Ra3 30. Kf1 Nxc3 31. Rc2 Rc4 32. Rxc3 Raxc3 33.
Bxc3 Rxc3 34. a4 bxa4 35. Rxa4 Rc7 36. Kf2 h5 37. Kg3 Kh7 38. b5 Kg6 39. Kh4
Rc4 40. Rxa7 Rxf4+ 41. Kg3 Rb4 42. Rb7 f6 43. exf6 gxf6 44. b6 e5 45. Rb8 d4
46. b7 Kg7 47. Kf3 f5 48. Re8 e4+ 49. Kf4 Rxb7 50. Kxf5 e3 51. Ke4 Kf7 52. Rh8
Re7+ 53. Kd3 Kg7 54. Rxh5 e2 0-1

[Event "Baltic Sea Cup 2008"]
[Site "Ronne"]
[Date "2008.07.29"]
[Round "1"]
[White "Johansen, Johnny Holler"]
[Black "Holt, Michael"]
[Result "1-0"]
[WhiteElo "2029"]
[BlackElo "1000"]
[PlyCount "26"]
[EventDate "2008.07.29"]


1. e4 e5 2. Nf3 Nc6 3. d4 f6 4. Bc4 Nge7 5. Nc3 d6 6. Be3 Bg4 7. dxe5 Nxe5 8.
Nxe5 d5 9. Nxg4 dxc4 10. Qxd8+ Rxd8 11. Bf4 Rd7 12. Nb5 g5 13. Nxf6+ Kd8 1-0

[Event "Baltic Sea Cup 2008"]
[Site "Ronne"]
[Date "2008.07.29"]
[Round "1"]
[White "Knof, Henrike"]
[Black "Valet, Richard"]
[Result "0-1"]
[WhiteElo "1477"]
[BlackElo "2071"]
[PlyCount "48"]
[EventDate "2008.07.29"]


1. e4 c6 2. d4 d5 3. exd5 cxd5 4. Nf3 g6 5. Be3 Bg7 6. Nc3 Nf6 7. h3 Qa5 8. Be2
Ne4 9. Qd3 Nc6 10. Qb5 Nxc3 11. Qxa5 Nxa5 12. bxc3 O-O 13. O-O Be6 14. Nh2 Rfc8
15. h4 Nc4 16. Bc1 Nd6 17. f3 Rxc3 18. Bd1 Bxd4+ 19. Kh1 Nf5 20. Bf4 Nxh4 21.
g3 Nf5 22. g4 Ne3 23. Bxe3 Bxe3 24. f4 d4 0-1

[Event "Baltic Sea Cup 2008"]
[Site "Ronne"]
[Date "2008.07.29"]
[Round "1"]
[White "Koop, Soeren"]
[Black "Medvegy, Nora"]
[Result "0-1"]
[WhiteElo "1897"]
[BlackElo "2353"]
[PlyCount "80"]
[EventDate "2008.07.29"]


1. e4 c5 2. Nf3 e6 3. d4 cxd4 4. Nxd4 Nc6 5. Nc3 Qc7 6. Be3 Nf6 7. a3 a6 8. Be2
Be7 9. O-O O-O 10. Qd2 d6 11. f4 Bd7 12. Bf3 Na5 13. Bf2 Nc4 14. Qc1 Rac8 15.
Nde2 b5 16. b3 Na5 17. Rd1 Bc6 18. Qe3 Nd7 19. g4 Ba8 20. g5 Rfe8 21. Rd2 Bf8
22. Bg2 Qb8 23. Na2 d5 24. Nb4 Nc5 25. e5 Qb7 26. Nd4 Ne4 27. Bxe4 dxe4 28. Ne2
Bc5 29. Nd4 Red8 30. Rad1 Rd7 31. Kf1 Rcd8 32. Qe2 e3 33. Qxe3 Qg2+ 34. Ke2
Qxh2 35. Nxa6 Qh5+ 36. Kf1 Bxa3 37. Nxb5 Qxd1+ 38. Rxd1 Rxd1+ 39. Ke2 Bc1 40.
Nd4 Bxe3 0-1

[Event "Baltic Sea Cup 2008"]
[Site "Ronne"]
[Date "2008.07.29"]
[Round "1"]
[White "Kristensen, Torben"]
[Black "Hansen, Mads"]
[Result "0-1"]
[WhiteElo "1262"]
[BlackElo "2041"]
[PlyCount "66"]
[EventDate "2008.07.29"]


1. d4 Nf6 2. Nf3 e6 3. Bf4 c5 4. e3 d5 5. c3 Nc6 6. Nbd2 Be7 7. Bd3 Nh5 8. O-O
Nxf4 9. exf4 Qc7 10. Ne5 cxd4 11. cxd4 Nxd4 12. Qa4+ Nc6 13. Rac1 Bd7 14. Bb5
Rc8 15. Rc2 a6 16. Bxc6 bxc6 17. Qxa6 c5 18. Rfc1 O-O 19. Ndf3 Ra8 20. Qe2 Rxa2
21. b3 Rxc2 22. Qxc2 Rb8 23. Nxf7 Kxf7 24. Qxh7 Qxf4 25. Re1 Bf6 26. Qh5+ Ke7
27. Qxd5 Qd6 28. Qh5 Rxb3 29. Nd2 Qxd2 30. Qxc5+ Qd6 31. Qc2 Rb2 32. Qh7 Qd2
33. Qe4 Rb4 0-1

[Event "Baltic Sea Cup 2008"]
[Site "Ronne"]
[Date "2008.07.29"]
[Round "1"]
[White "Lilleoren, Morten"]
[Black "Christensen, Svend Ib"]
[Result "1-0"]
[WhiteElo "2105"]
[BlackElo "1531"]
[PlyCount "111"]
[EventDate "2008.07.29"]


1. c4 d6 2. Nf3 Nf6 3. g3 b6 4. Bg2 Bb7 5. O-O e6 6. d4 Nbd7 7. Nc3 Be7 8. Re1
Ne4 9. Nxe4 Bxe4 10. Nh4 Bxg2 11. Nxg2 O-O 12. e4 c5 13. Be3 Re8 14. Qd2 Qc7
15. b3 Rad8 16. Rad1 Nb8 17. f4 Bf6 18. Qf2 Nc6 19. dxc5 dxc5 20. e5 Be7 21.
Qe2 Rxd1 22. Rxd1 Rd8 23. Kf2 Rxd1 24. Qxd1 Qd8 25. Qxd8+ Bxd8 26. Ne1 f6 27.
exf6 Bxf6 28. Nc2 Kf7 29. Kf3 g6 30. Ke4 h5 31. h3 Be7 32. g4 hxg4 33. hxg4 Ke8
34. Ne1 Bd6 35. Nd3 Kd7 36. Bf2 Be7 37. Ne5+ Nxe5 38. Kxe5 Bd8 39. Be1 a5 40.
Bg3 Be7 41. Bf2 Bd8 42. Be1 Be7 43. a3 Bd8 44. Bc3 Be7 45. Ke4 Bd6 46. Bf6 Bc7
47. Be5 Bd8 48. Bg7 Be7 49. Ke5 Bd8 50. Bh6 Be7 51. Bg5 Bxg5 52. fxg5 Ke7 53.
a4 Kd7 54. Kf6 Kd6 55. Kxg6 Ke5 56. Kf7 1-0

[Event "Baltic Sea Cup 2008"]
[Site "Ronne"]
[Date "2008.07.29"]
[Round "1"]
[White "Lund, Silas"]
[Black "Andersen, Harry"]
[Result "1-0"]
[WhiteElo "2431"]
[BlackElo "1904"]
[PlyCount "54"]
[EventDate "2008.07.29"]


1. d4 Nf6 2. c4 g6 3. Nc3 d5 4. Bg5 Ne4 5. Bh4 Nxc3 6. bxc3 Bg7 7. e3 c5 8.
cxd5 Qxd5 9. Qf3 Qc6 10. Rb1 a6 11. Bd3 cxd4 12. Qxc6+ Nxc6 13. cxd4 b5 14. Be4
Bb7 15. Ne2 f5 16. Bf3 h6 17. Nf4 g5 18. Ne6 Kf7 19. Bg3 Na5 20. Bxb7 Nxb7 21.
Nxg7 f4 22. exf4 Kxg7 23. fxg5 Rac8 24. gxh6+ Kxh6 25. O-O Rc4 26. Rfe1 Rxd4
27. Re6+ Kg5 1-0

[Event "Baltic Sea Cup 2008"]
[Site "Ronne"]
[Date "2008.07.29"]
[Round "1"]
[White "Marzano, Carlo"]
[Black "Kraft, Rene"]
[Result "1-0"]
[WhiteElo "2177"]
[BlackElo "1663"]
[PlyCount "59"]
[EventDate "2008.07.29"]


1. Nc3 b6 2. e4 Bb7 3. d4 e6 4. a3 Nf6 5. Bd3 Be7 6. Nf3 O-O 7. Qe2 d5 8. e5
Ne8 9. Nd1 c5 10. c3 Nc6 11. h4 a5 12. Bxh7+ Kh8 13. Ng5 g6 14. Nxf7+ Rxf7 15.
Bxg6 Rg7 16. Qh5+ Kg8 17. Bh6 Bf6 18. exf6 Nxf6 19. Qg5 Qe7 20. Bxg7 Qxg7 21.
dxc5 bxc5 22. h5 Ne7 23. Ne3 Ne4 24. Qg4 Bc8 25. Bxe4 dxe4 26. Qxe4 Ra7 27.
O-O-O Qh6 28. Rd8+ Kf7 29. Rh3 Bb7 30. Rf3+ 1-0

[Event "Baltic Sea Cup 2008"]
[Site "Ronne"]
[Date "2008.07.29"]
[Round "1"]
[White "Roiz, Michael"]
[Black "Magnussen, Helge"]
[Result "1-0"]
[WhiteElo "2680"]
[BlackElo "2012"]
[PlyCount "47"]
[EventDate "2008.07.29"]


1. Nf3 Nf6 2. c4 e6 3. g3 d5 4. Bg2 Be7 5. O-O O-O 6. b3 c5 7. cxd5 exd5 8. d4
Nc6 9. Bb2 b6 10. Nc3 Ba6 11. Rc1 Re8 12. Re1 Rc8 13. a3 cxd4 14. Nxd4 Nxd4 15.
Qxd4 Bc5 16. Qa4 d4 17. Ne4 Nxe4 18. Bxe4 d3 19. exd3 Bxd3 20. Bxd3 Rxe1+ 21.
Rxe1 Qxd3 22. Qg4 Bxf2+ 23. Kxf2 Rc2+ 24. Kg1 1-0

[Event "Baltic Sea Cup 2008"]
[Site "Ronne"]
[Date "2008.07.29"]
[Round "1"]
[White "Rostgaard, Tobias Valentin"]
[Black "Madsen, Jens Finnerup"]
[Result "1-0"]
[WhiteElo "2035"]
[BlackElo "1162"]
[PlyCount "51"]
[EventDate "2008.07.29"]


1. e4 e5 2. Nf3 Bc5 3. d4 exd4 4. Bc4 f6 5. c3 Qe7 6. O-O c6 7. cxd4 b5 8. Bxg8
Rxg8 9. dxc5 Qxc5 10. Qb3 Rf8 11. Bf4 d6 12. Rd1 Rf7 13. Bxd6 Qc4 14. Qe3 Be6
15. Nc3 b4 16. Nd5 Na6 17. Rac1 Qb5 18. Nf4 Bxa2 19. e5 O-O-O 20. e6 Rb7 21. e7
Re8 22. b3 Qf5 23. Rxc6+ Nc7 24. Ne6 Qb5 25. Bxc7 Qxc6 26. Rd8+ 1-0

[Event "Baltic Sea Cup 2008"]
[Site "Ronne"]
[Date "2008.07.29"]
[Round "1"]
[White "Thjomoe, Hans Richard"]
[Black "Kristensen, Kaare Hove"]
[Result "0-1"]
[WhiteElo "1735"]
[BlackElo "2259"]
[PlyCount "82"]
[EventDate "2008.07.29"]


1. e4 c5 2. Nf3 d6 3. d4 cxd4 4. Nxd4 Nf6 5. Nc3 a6 6. Bc4 e6 7. Bb3 Nbd7 8.
Be3 Nc5 9. f3 Be7 10. Qd2 O-O 11. O-O-O Qc7 12. g4 b5 13. h4 Bb7 14. g5 Nh5 15.
Rhg1 g6 16. Nde2 b4 17. Na4 Nxa4 18. Bxa4 d5 19. exd5 Bxd5 20. Kb1 Bxf3 21. Qe1
Qe5 22. Rd3 Bxe2 23. Bc1 Qa5 24. Qxe2 Qxa4 25. b3 Qb5 26. Rgd1 Rad8 27. Qe3
Rxd3 28. Rxd3 Rc8 29. Qd2 Bf8 30. Bb2 Qf5 31. Qd1 Bg7 32. Rf3 Qd5 33. Rd3 Qc5
34. Rd7 Bxb2 35. Kxb2 Qe5+ 36. Kb1 Nf4 37. Qf1 Qf5 38. Qf2 Nd5 39. Qd2 Qe5 40.
Qf2 Nc3+ 41. Kc1 Qf4+ 0-1

[Event "Baltic Sea Cup 2008"]
[Site "Ronne"]
[Date "2008.07.29"]
[Round "1"]
[White "Tiviakov, Sergei"]
[Black "Svanholm, Borge Waaktaar"]
[Result "1-0"]
[WhiteElo "2645"]
[BlackElo "2003"]
[PlyCount "57"]
[EventDate "2008.07.29"]


1. e4 c5 2. Nc3 d6 3. Nge2 Nf6 4. d4 cxd4 5. Nxd4 a6 6. Be3 e5 7. Nb3 Be6 8.
Qd2 Be7 9. f3 Nbd7 10. g4 Nb6 11. O-O-O Nfd7 12. Kb1 Rc8 13. h4 Nc4 14. Bxc4
Rxc4 15. g5 b5 16. Nd5 Bxd5 17. exd5 Rc8 18. Na5 Nb6 19. Bxb6 Qxb6 20. Nc6 f6
21. f4 Qc7 22. fxe5 dxe5 23. Nxe7 Qxe7 24. d6 Qd7 25. gxf6 gxf6 26. Qh6 Rf8 27.
Rhf1 f5 28. Rd5 Rf7 29. Rxe5+ 1-0

[Event "Baltic Sea Cup 2008"]
[Site "Ronne"]
[Date "2008.07.29"]
[Round "1"]
[White "Urkedal, Frode Olav Olsen"]
[Black "Mejlvang, Jens Peter"]
[Result "1-0"]
[WhiteElo "2299"]
[BlackElo "1845"]
[PlyCount "45"]
[EventDate "2008.07.29"]


1. d4 f5 2. Bg5 g6 3. Nd2 d5 4. e3 Bg7 5. c4 c6 6. h4 h6 7. Bf4 Nf6 8. Ngf3
Nbd7 9. Qc2 e6 10. Ne5 Nxe5 11. Bxe5 Qe7 12. c5 Ne4 13. Nf3 O-O 14. Bd3 Bxe5
15. Nxe5 Qg7 16. Bxe4 fxe4 17. f3 exf3 18. gxf3 Rf5 19. Rg1 g5 20. O-O-O Rxe5
21. dxe5 Bd7 22. hxg5 hxg5 23. f4 1-0

[Event "Baltic Sea Cup 2008"]
[Site "Ronne"]
[Date "2008.07.29"]
[Round "1"]
[White "Valle, Lorenzo"]
[Black "Poulsen, Iver"]
[Result "0-1"]
[WhiteElo "1573"]
[BlackElo "2147"]
[PlyCount "142"]
[EventDate "2008.07.29"]


1. e4 c5 2. Nf3 e6 3. d3 Nc6 4. g3 d5 5. Nbd2 Bd6 6. Bg2 Nge7 7. O-O O-O 8. Re1
Qc7 9. b3 Bd7 10. Bb2 f6 11. d4 cxd4 12. exd5 Nxd5 13. Nc4 Bb4 14. Nxd4 Bxe1
15. Nb5 Bxf2+ 16. Kxf2 Qd8 17. Nbd6 Nde7 18. Nxb7 Qc7 19. Nc5 Rad8 20. Qe2 e5
21. Na6 Qb7 22. Nc5 Qb5 23. Nxd7 Rxd7 24. Bh3 Rdd8 25. Be6+ Kh8 26. c3 Na5 27.
Ba3 Nxc4 28. Bxc4 Qb6+ 29. Kf3 Qb7+ 30. Kf2 Rd7 31. Rd1 Rfd8 32. Rxd7 Qxd7 33.
Bc1 Nd5 34. Qf3 Nb6 35. Be2 Nd5 36. Bc4 e4 37. Qxe4 Nxc3 38. Qe6 Qxe6 39. Bxe6
Nxa2 40. Be3 a5 41. Bc4 Rb8 42. Bd2 Nb4 43. Ke2 g5 44. Bc3 Kg7 45. g4 Re8+ 46.
Kf3 Kg6 47. h3 Re7 48. Kf2 h6 49. Kf3 Kg7 50. Kf2 Re8 51. Kf3 Nc6 52. Kf2 Ne5
53. Ba6 Rb8 54. Bxe5 fxe5 55. Bc4 Rb4 56. Be6 a4 57. bxa4 Rxa4 58. Ke3 Kf6 59.
Bc8 Ra3+ 60. Ke4 Rxh3 61. Bf5 Rh2 62. Bd7 h5 63. gxh5 Rxh5 64. Kf3 Rh4 65. Bc6
Rf4+ 66. Ke3 g4 67. Bb7 g3 68. Bc8 Kg5 69. Bh3 Kh4 70. Bg2 Rf2 71. Be4 Rb2 0-1

[Event "Baltic Sea Cup 2008"]
[Site "Ronne"]
[Date "2008.07.29"]
[Round "1"]
[White "Von Wantoch, Markus"]
[Black "Iljushin, Alexei"]
[Result "0-1"]
[WhiteElo "1907"]
[BlackElo "2546"]
[PlyCount "28"]
[EventDate "2008.07.29"]


1. e4 c5 2. Nc3 Nc6 3. g3 g6 4. Bg2 Bg7 5. d3 Rb8 6. Be3 b5 7. Qd2 b4 8. Nd1 d6
9. Ne2 h5 10. d4 cxd4 11. Nxd4 Ne5 12. Qe2 Qa5 13. c4 bxc3 14. Nxc3 Ba6 0-1